Julius Caesar / (Record no. 343918)
[ view plain ]
| 000 -LEADER | |
|---|---|
| fixed length control field | 00461nam a2200193Ia 4500 |
| 008 - FIXED-LENGTH DATA ELEMENTS--GENERAL INFORMATION | |
| fixed length control field | 170918s9999 xx 000 0 und d |
| 020 ## - INTERNATIONAL STANDARD BOOK NUMBER | |
| International Standard Book Number | 9780746099858 |
| 050 ## - LIBRARY OF CONGRESS CALL NUMBER | |
| Item number | F527 2007 |
| 100 ## - MAIN ENTRY--PERSONAL NAME | |
| Personal name | Firth, Rachel |
| 245 ## - TITLE STATEMENT | |
| Title | Julius Caesar / |
| 245 ## - TITLE STATEMENT | |
| Statement of responsibility, etc | by Rachel Firth. |
| 260 ## - PUBLICATION, DISTRIBUTION, ETC. (IMPRINT) | |
| Place of publication, distribution, etc | England : |
| 260 ## - PUBLICATION, DISTRIBUTION, ETC. (IMPRINT) | |
| Name of publisher, distributor, etc | Usborne, |
| 260 ## - PUBLICATION, DISTRIBUTION, ETC. (IMPRINT) | |
| Date of publication, distribution, etc | 2007 |
| 300 ## - PHYSICAL DESCRIPTION | |
| Extent | 64 pages : |
| 300 ## - PHYSICAL DESCRIPTION | |
| Other physical details | colored illustrations ; |
| 300 ## - PHYSICAL DESCRIPTION | |
| Dimensions | 20cm. |
| 300 ## - PHYSICAL DESCRIPTION | |
| Accompanying material | Usborne young reading. |
| Withdrawn status | Lost status | Damaged status | Home library | Current library | Date acquired | Total Checkouts | Full call number | Barcode | Date last seen | Price effective from | Koha item type |
|---|---|---|---|---|---|---|---|---|---|---|---|
| Stonyhurst Southville International School (Malarayat) | Stonyhurst Southville International School (Malarayat) | 09/18/2017 | GS FIC F527 2007 | SSISM2990 | 09/18/2017 | 09/18/2017 | Books |